AI Powered Healthcare Chatbot for Enhancing Patient Engagement and Satisfaction Using Human Computer Interaction HCI Techniques ( Thesis MS) (Record no. 69085)

MARC details
000 -LEADER
fixed length control field 00464nam a22001217a 4500
100 ## - MAIN ENTRY--AUTHOR NAME
Personal name Ahmed Ali
-- 21-MSIT-02
-- Supervisor - Dr. Baqar Ali Zardari
245 ## - TITLE STATEMENT
Title AI Powered Healthcare Chatbot for Enhancing Patient Engagement and Satisfaction Using Human Computer Interaction HCI Techniques ( Thesis MS)
260 ## - PUBLICATION, DISTRIBUTION, ETC. (IMPRINT)
Place of publication Nawabshah
Name of publisher QUEST
Year of publication 2025
300 ## - PHYSICAL DESCRIPTION
Number of Pages 87p.
700 ## - ADDED ENTRY--PERSONAL NAME
Personal name Department of Information Technology
942 ## - ADDED ENTRY ELEMENTS (KOHA)
Koha item type Thesis and Dissertation
Holdings
Withdrawn status Lost status Home library Current library Date acquired Accession Number Koha item type
    Research Section Research Section 29/06/2026 MP/100-1474 Thesis and Dissertation
    Research Section Research Section 29/06/2026 MP/100-1475 Thesis and Dissertation